[Event "DEM U10w 2017"]
[Site "Willingen GER"]
[Date "2017.06.04"]
[Round "2"]
[White "Englert, Lin"]
[Black "von Beckh, Frieda"]
[Result "0-1"]
[Termination "normal"]
[Board "5"]
[WhiteElo "1165"]
[BlackElo "1248"]
[WhiteClock "00:49:55"]
[BlackClock "01:01:53"]
[PlyCount "64"]
[WhiteFideId "16226410"]
[BlackFideId "16233751"]
[EventCountry "GER"]
[EventRounds "11"]
[EventType "swiss"]
[EventDate "2017.06.03"]

1. e4 d5 2. exd5 Nf6 3. Nc3 Nxd5 4. Bc4 Nxc3 5. bxc3 e5 6. d3 Nc6 7. Nf3 Bc5 8.
O-O O-O 9. h3 Re8 10. Re1 Bf5 11. Bg5 Qd7 12. Rb1 b6 13. Bb5 f6 14. Be3 Bxe3
15. Rxe3 a6 16. Bc4+ Kh8 17. Qe1 b5 18. Bb3 a5 19. a3 Rad8 20. Ba2 Qd6 21. Qc1
e4 22. dxe4 Bxe4 23. Rxb5 Bxf3 24. Rxe8+ Rxe8 25. gxf3 Qd7 26. Rh5 Re2 27. Bc4
Rd2 28. Qb2 Qe8 29. Rh4 Qe1+ 30. Kg2 Qxf2+ 31. Kh1 Rd1+ 32. Bf1 Rxf1# 0-1

[Event "DEM U10w 2017"]
[Site "Willingen GER"]
[Date "2017.06.04"]
[Round "2"]
[White "Labuda, Annika"]
[Black "Winkler, Sarah"]
[Result "0-1"]
[Termination "normal"]
[Board "6"]
[WhiteElo "1144"]
[BlackElo "1251"]
[WhiteClock "01:03:19"]
[BlackClock "00:40:20"]
[PlyCount "64"]
[WhiteFideId "16261453"]
[BlackFideId "16274431"]
[EventCountry "GER"]
[EventRounds "11"]
[EventType "swiss"]
[EventDate "2017.06.03"]

1. e4 e5 2. Nf3 Nc6 3. Nc3 Nf6 4. Bb5 Bb4 5. O-O O-O 6. d3 d6 7. Bg5 h6 8. Bh4
Bg4 9. Nd5 Bxf3 10. Qxf3 Nd4 11. Qd1 Nxb5 12. Nxb4 c6 13. c4 Nd4 14. Qe1 a5 15.
Nxc6 bxc6 16. Rc1 Qe7 17. f4 exf4 18. Rxf4 g5 19. Rf2 gxh4 20. Qe3 Qe5 21. Qxh6
Ng4 22. Qxh4 Nxf2 23. Qxf2 c5 24. Rf1 Ra7 25. b3 Kg7 26. Qh4 Rh8 27. Qg4+ Kf8
28. Qc8+ Ke7 29. Qg4 Qxh2+ 30. Kf2 Qh4+ 31. Qg3 Qf6+ 32. Kg1 Ne2# 0-1

[Event "DEM U10w 2017"]
[Site "Willingen GER"]
[Date "2017.06.04"]
[Round "2"]
[White "Ramien, Hannah"]
[Black "Wilmink, Anna"]
[Result "0-1"]
[Termination "normal"]
[Board "7"]
[WhiteElo "1243"]
[BlackElo "1140"]
[PlyCount "84"]
[WhiteFideId "16209982"]
[BlackFideId "16273680"]
[EventCountry "GER"]
[EventRounds "11"]
[EventType "swiss"]
[EventDate "2017.06.03"]

1. e4 e6 2. d4 d5 3. exd5 exd5 4. c4 Nf6 5. Nc3 Nc6 6. Nf3 Bb4 7. Bd3 Be6 8.
Qe2 O-O 9. O-O Re8 10. Bg5 Bg4 11. Nxd5 Rxe2 12. Bxe2 Bxf3 13. Bxf3 Nxd4 14.
Rfd1 Bc5 15. b4 c6 16. bxc5 Nxf3+ 17. gxf3 cxd5 18. Rxd5 Qc7 19. Bxf6 gxf6 20.
Rh5 Qf4 21. Rh3 Rc8 22. Re1 Rd8 23. Rg3+ Kh8 24. Re4 Qc1+ 25. Kg2 Rg8 26. Rxg8+
Kxg8 27. Rg4+ Kf8 28. Re4 Qa3 29. Rd4 Qxc5 30. Rd8+ Ke7 31. Rg8 Qxc4 32. Rg7
Qxa2 33. Rxh7 Qc2 34. Rh4 a5 35. Re4+ Kd6 36. Rf4 Ke5 37. Kg3 a4 38. Re4+ Kd5
39. Kg2 a3 40. Re1 b5 41. Re8 a2 42. Rd8+ Ke6 0-1

[Event "DEM U10w 2017"]
[Site "Willingen GER"]
[Date "2017.06.04"]
[Round "2"]
[White "Nguyen, Jenny Ha Linh"]
[Black "Sohr, Luna"]
[Result "0-1"]
[Termination "normal"]
[Board "8"]
[WhiteElo "1102"]
[BlackElo "1199"]
[PlyCount "90"]
[WhiteFideId "16209729"]
[BlackFideId "16251261"]
[EventCountry "GER"]
[EventRounds "11"]
[EventType "swiss"]
[EventDate "2017.06.03"]

1. e4 e5 2. Nf3 Nc6 3. Bc4 h6 4. d3 Nf6 5. Nc3 Bb4 6. a3 Ba5 7. Be3 O-O 8. O-O
d6 9. h3 Bxc3 10. bxc3 Qe7 11. Re1 Be6 12. Ba2 Bxa2 13. Rxa2 Qe6 14. Rb2 b6 15.
Bc1 Rad8 16. Qe2 Rfe8 17. Nd2 d5 18. exd5 Nxd5 19. c4 Nf4 20. Qe3 Nd4 21. c3
Nf5 22. Qe4 Qg6 23. Nf1 Nxd3 24. Rbe2 Nxe1 25. Rxe1 Nd6 26. Qd5 Qe6 27. Qd2
Nxc4 28. Qc2 Qg6 29. Qa2 Nd6 30. Ng3 Nf5 31. Ne4 Nh4 32. Ng3 Kh7 33. Re4 f5 34.
Rxh4 Rd1+ 35. Kh2 Rxc1 36. Rh5 f4 37. Ne2 Qxh5 38. Nxc1 f3 39. Qc2+ e4 40. g3
Kh8 41. Nb3 e3 42. fxe3 Rxe3 43. Nd4 c5 44. Nb3 Re2+ 45. Kg1 Rxc2 0-1

[Event "DEM U10w 2017"]
[Site "Willingen GER"]
[Date "2017.06.04"]
[Round "2"]
[White "Fischer, Darja"]
[Black "Ottlik, Marie"]
[Result "1-0"]
[Termination "normal"]
[Board "9"]
[WhiteElo "1196"]
[BlackElo "1013"]
[PlyCount "95"]
[WhiteFideId "16240898"]
[BlackFideId "16281730"]
[EventCountry "GER"]
[EventRounds "11"]
[EventType "swiss"]
[EventDate "2017.06.03"]

1. e4 e5 2. Nf3 Nc6 3. Nc3 Bc5 4. Nxe5 Nxe5 5. d4 Bd6 6. dxe5 Bxe5 7. Bc4 Nf6
8. O-O d6 9. Be3 Be6 10. Bb3 O-O 11. f4 Bxc3 12. bxc3 Bxb3 13. cxb3 Re8 14. Qf3
d5 15. e5 Ne4 16. c4 Nc3 17. Bd4 Ne4 18. cxd5 Qxd5 19. Rad1 Rad8 20. Bb2 Nd2
21. Qc3 Rd7 22. e6 Qd4+ 23. Qxd4 Rxd4 24. Bxd4 Nxf1 25. Rxf1 Rxe6 26. Rf3 Re2
27. a4 Ra2 28. Re3 Ra1+ 29. Kf2 Ra2+ 30. Kf3 f5 31. Re7 Ra3 32. Rxg7+ Kf8 33.
Rxc7 Rxb3+ 34. Rc3 Rb4 35. Bc5+ Kf7 36. Bxb4 a6 37. Rc7+ Kg6 38. Rxb7 h5 39.
Rb6+ Kf7 40. Rxa6 Kg7 41. Rb6 h4 42. a5 Kf7 43. a6 h3 44. gxh3 Ke8 45. a7 Kd7
46. a8=Q Kc7 47. Qa7+ Kd8 48. Rb8# 1-0

[Event "DEM U10w 2017"]
[Site "Willingen GER"]
[Date "2017.06.04"]
[Round "2"]
[White "Keymer, Cecilia"]
[Black "Heuberger, Sandra"]
[Result "1-0"]
[Termination "normal"]
[Board "10"]
[WhiteElo "1311"]
[BlackElo "902"]
[PlyCount "133"]
[WhiteFideId "16233468"]
[BlackFideId "16232151"]
[EventCountry "GER"]
[EventRounds "11"]
[EventType "swiss"]
[EventDate "2017.06.03"]

1. d4 d5 2. c4 e6 3. Nc3 Nf6 4. cxd5 exd5 5. Bg5 Be7 6. e3 O-O 7. Bd3 Nbd7 8.
Nf3 Re8 9. Qc2 Nf8 10. O-O b6 11. Rab1 Bb7 12. b4 Rb8 13. a4 Qd7 14. Bb5 c6 15.
Ne5 Qe6 16. Bd3 Red8 17. Bf5 Qd6 18. Bf4 Qc7 19. Nc4 Bd6 20. Bxd6 Rxd6 21. Nxd6
Qxd6 22. b5 c5 23. dxc5 bxc5 24. Rfd1 d4 25. exd4 cxd4 26. Qd3 Qf4 27. Ne2 Qg5
28. g3 Rd8 29. Rbc1 Rd5 30. Be4 Nxe4 31. Qxe4 Rd7 32. Qd3 Qd5 33. f3 Qe6 34.
Nf4 Qd6 35. Rc4 Re7 36. Rxd4 Qb6 37. Kg2 g6 38. Nd5 Bxd5 39. Rxd5 Re3 40. Qd4
Qxd4 41. R5xd4 Re2+ 42. Kh1 Ne6 43. Rd7 Nc5 44. Rxa7 Nb3 45. b6 Nc5 46. b7 Nxb7
47. Rxb7 Ra2 48. Rdd7 Rxa4 49. Rxf7 Rd4 50. Rg7+ Kf8 51. Rxh7 Kg8 52. Rhg7+ Kf8
53. Rxg6 Rd1+ 54. Kg2 Rd2+ 55. Kh3 Rd4 56. Ra6 Ke8 57. Ra8+ Rd8 58. Rxd8+ Kxd8
59. g4 Kc8 60. Rh7 Kd8 61. g5 Ke8 62. f4 Kf8 63. Ra7 Ke8 64. g6 Kf8 65. f5 Kg8
66. f6 Kf8 67. Ra8# 1-0

[Event "DEM U10w 2017"]
[Site "Willingen GER"]
[Date "2017.06.04"]
[Round "2"]
[White "Ulrich, Helena Irene"]
[Black "Hebestreit, Marie"]
[Result "1-0"]
[Termination "normal"]
[Board "11"]
[WhiteElo "1097"]
[BlackElo "896"]
[PlyCount "61"]
[WhiteFideId "16256000"]
[EventCountry "GER"]
[EventRounds "11"]
[EventType "swiss"]
[EventDate "2017.06.03"]

1. e4 e5 2. Nf3 Nc6 3. Bb5 Nf6 4. d3 Be7 5. O-O O-O 6. Re1 d6 7. c3 Bd7 8. Nbd2
a6 9. Ba4 b5 10. Bb3 Bg4 11. Nf1 Nd7 12. Ng3 Bh4 13. Bd5 Ndb8 14. h3 Bxf3 15.
Qxf3 Bxg3 16. Qxg3 Ra7 17. Bh6 Qf6 18. Be3 Ne7 19. Bxa7 Nbc6 20. Bxc6 Nxc6 21.
Be3 Ne7 22. a4 d5 23. axb5 axb5 24. Ra7 c6 25. Qg5 Qxg5 26. Bxg5 Nc8 27. Rc7 h6
28. Be3 Nd6 29. Rxc6 Nb7 30. exd5 Na5 31. Rb6 1-0

[Event "DEM U10w 2017"]
[Site "Willingen GER"]
[Date "2017.06.04"]
[Round "2"]
[White "Heinze, Sofie"]
[Black "Bräutigam, Katerina"]
[Result "0-1"]
[Termination "normal"]
[Board "12"]
[WhiteElo "850"]
[BlackElo "1064"]
[PlyCount "68"]
[WhiteFideId "16226461"]
[BlackFideId "16242980"]
[EventCountry "GER"]
[EventRounds "11"]
[EventType "swiss"]
[EventDate "2017.06.03"]

1. d4 d5 2. Nc3 Nf6 3. Bf4 a6 4. Nf3 g6 5. e3 Bg7 6. Bd3 O-O 7. O-O Nc6 8. Qe2
Bd7 9. Ng5 e6 10. Qf3 Re8 11. Qg3 Rc8 12. Qh4 e5 13. dxe5 Nxe5 14. Bxe5 Rxe5
15. Nf3 Re8 16. Qg5 c6 17. Rad1 Ne4 18. Qh4 Qxh4 19. Nxh4 Nxc3 20. bxc3 Bxc3
21. Rb1 b5 22. Rb3 Bf6 23. Nf3 c5 24. Ra3 Ra8 25. Re1 a5 26. e4 c4 27. e5 b4
28. Bxc4 bxa3 29. Bxd5 Rab8 30. Re3 Rb1+ 31. Ne1 Rxe5 32. Be4 Bg5 33. Re2 Bb5
34. c3 Rc1 0-1

[Event "DEM U10w 2017"]
[Site "Willingen GER"]
[Date "2017.06.04"]
[Round "2"]
[White "Pröttel, Ela"]
[Black "Stepanjan, Marianne"]
[Result "0-1"]
[Termination "normal"]
[Board "13"]
[WhiteElo "1050"]
[BlackElo "880"]
[PlyCount "36"]
[WhiteFideId "44582749"]
[BlackFideId "16246110"]
[EventCountry "GER"]
[EventRounds "11"]
[EventType "swiss"]
[EventDate "2017.06.03"]

1. e4 e5 2. Nf3 Nc6 3. Bc4 Bc5 4. b4 Bxb4 5. c3 Be7 6. d4 Bd6 7. O-O Nf6 8. Qe2
O-O 9. Bb5 Qe7 10. Bg5 h6 11. Bh4 b6 12. Nbd2 a6 13. Ba4 Bb7 14. Rfe1 Nd8 15.
Rab1 Ne6 16. dxe5 Nf4 17. exf6 Nxe2+ 18. Rxe2 Qe6 0-1

[Event "DEM U10w 2017"]
[Site "Willingen GER"]
[Date "2017.06.04"]
[Round "2"]
[White "Schupfer, Victoria"]
[Black "Vianden, Ella"]
[Result "1-0"]
[Termination "normal"]
[Board "14"]
[WhiteElo "830"]
[BlackElo "1050"]
[PlyCount "59"]
[BlackFideId "16235592"]
[EventCountry "GER"]
[EventRounds "11"]
[EventType "swiss"]
[EventDate "2017.06.03"]

1. e4 e5 2. Nf3 Nc6 3. Bc4 Nf6 4. Nc3 Nxe4 5. Nxe4 d5 6. Bb3 dxe4 7. Ng1 Bc5 8.
d3 Qf6 9. Be3 Bb6 10. dxe4 O-O 11. Nh3 Rd8 12. Qe2 Ba5+ 13. c3 Nd4 14. Qh5 g6
15. Qd1 Nb5 16. Qc2 Qh4 17. Ng5 Nd4 18. Bxf7+ Kg7 19. Qa4 b6 20. O-O Qg4 21.
cxd4 h6 22. Bb3 hxg5 23. Qc4 Rf8 24. Qxc7+ Kh8 25. Qxe5+ Kh7 26. Qe7+ Kh8 27.
Qxf8+ Kh7 28. Rac1 Bb7 29. Rc7+ Qd7 30. Rxd7# 1-0

[Event "DEM U10w 2017"]
[Site "Willingen GER"]
[Date "2017.06.04"]
[Round "2"]
[White "Alhassan, Jodi"]
[Black "Margaryan, Venera"]
[Result "1-0"]
[Termination "normal"]
[Board "16"]
[WhiteElo "953"]
[BlackElo "773"]
[PlyCount "93"]
[WhiteFideId "16250460"]
[BlackFideId "16266226"]
[EventCountry "GER"]
[EventRounds "11"]
[EventType "swiss"]
[EventDate "2017.06.03"]

1. e4 c5 2. Nf3 e6 3. d4 cxd4 4. Nxd4 Nf6 5. Nc3 Bc5 6. Be3 Bxd4 7. Bxd4 Nc6 8.
Be2 d5 9. Bxf6 Qxf6 10. O-O O-O 11. exd5 exd5 12. Qxd5 Rd8 13. Qf3 Qg6 14. Bd3
Bg4 15. Bxg6 Bxf3 16. Bxh7+ Kxh7 17. gxf3 Nd4 18. Rad1 Rd6 19. Ne4 Rg6+ 20. Kh1
Nxf3 21. Rd7 Re8 22. Rxf7 Rxe4 23. Rxf3 Rh4 24. Rf7 Rgh6 25. Rd1 Rxh2+ 26. Kg1
Rh1+ 27. Kg2 Rxd1 28. Rxb7 Rd5 29. Rxa7 Rg5+ 30. Kf1 Rh1+ 31. Ke2 Rgg1 32. a4
Re1+ 33. Kd2 Rh2 34. Kxe1 Rh1+ 35. Ke2 Rh4 36. a5 Re4+ 37. Kf3 Re6 38. a6 Rf6+
39. Ke3 Re6+ 40. Kd4 Rf6 41. Rxg7+ Kxg7 42. a7 Rf8 43. Kc5 Ra8 44. Kb6 Rxa7 45.
Kxa7 Kf6 46. b4 Kf5 47. b5 1-0

[Event "DEM U10w 2017"]
[Site "Willingen GER"]
[Date "2017.06.04"]
[Round "2"]
[White "Youness, Jolie"]
[Black "Khanbekyan, Nare"]
[Result "0-1"]
[Termination "normal"]
[Board "17"]
[WhiteElo "768"]
[BlackElo "952"]
[PlyCount "82"]
[BlackFideId "16270916"]
[EventCountry "GER"]
[EventRounds "11"]
[EventType "swiss"]
[EventDate "2017.06.03"]

1. e4 e5 2. Nf3 Nc6 3. Bc4 Bc5 4. d3 Nf6 5. Nc3 d6 6. Bg5 Bg4 7. Nd5 Nd4 8. c3
Nxf3+ 9. gxf3 Be6 10. Bxf6 gxf6 11. Nxf6+ Qxf6 12. Bb5+ c6 13. Bc4 Bxc4 14.
dxc4 Rg8 15. Kd2 O-O-O 16. Kc1 Rg6 17. b4 Bxf2 18. Qa4 Rdg8 19. Qxa7 Bxa7 20.
Kb2 Rg1 21. Rhxg1 Rxg1 22. a4 Rxa1 23. Kxa1 Qg5 24. Kb2 Qg2+ 25. Kb3 Qxh2 26.
b5 cxb5 27. axb5 Qg3 28. Kb4 Qxf3 29. Ka5 h5 30. c5 h4 31. b6 Bb8 32. c6 bxc6
33. Ka6 Qd3+ 34. Ka5 h3 35. Kb4 h2 36. c4 h1=Q 37. c5 dxc5+ 38. Kxc5 Qc1+ 39.
Kb4 c5+ 40. Ka5 Qb3 41. Ka6 Qca3# 0-1

[Event "DEM U10w 2017"]
[Site "Willingen GER"]
[Date "2017.06.04"]
[Round "2"]
[White "Prinzen, Siri Marleen"]
[Black "Truong, Bao Ngoc"]
[Result "1-0"]
[Termination "normal"]
[Board "18"]
[WhiteElo "951"]
[BlackElo "749"]
[PlyCount "81"]
[WhiteFideId "16265912"]
[EventCountry "GER"]
[EventRounds "11"]
[EventType "swiss"]
[EventDate "2017.06.03"]

1. e4 e5 2. Nf3 Nc6 3. Bc4 Nf6 4. Ng5 d5 5. exd5 Nxd5 6. d3 Qxg5 7. Bxg5 h6 8.
Bxd5 hxg5 9. O-O Bf5 10. Qf3 g6 11. Bxc6+ bxc6 12. Qxc6+ Bd7 13. Qxa8+ Ke7 14.
Qe4 Bg7 15. d4 Bf5 16. Qe2 Kd6 17. Re1 exd4 18. Qe7+ Kc6 19. Qxf7 Rh7 20. c3
dxc3 21. Nxc3 Bxc3 22. Qxh7 Bxe1 23. Rxe1 a5 24. Re7 Kd6 25. Rxc7 Be6 26. Qxg6
Kxc7 27. Qxe6 a4 28. b3 a3 29. b4 Kb7 30. b5 g4 31. Qxg4 Kb6 32. Qa4 Kc5 33. h4
Kd5 34. h5 Ke6 35. h6 Kf7 36. b6 Kg8 37. b7 Kh7 38. b8=R Kxh6 39. Rb5 Kg6 40.
Qa6+ Kf7 41. Rb7+ 1-0

[Event "DEM U10w 2017"]
[Site "Willingen GER"]
[Date "2017.06.05"]
[Round "3"]
[White "Pohle, Saskia"]
[Black "Winkler, Sarah"]
[Result "1-0"]
[Termination "normal"]
[Board "1"]
[WhiteElo "1416"]
[BlackElo "1251"]
[WhiteClock "00:41:11"]
[BlackClock "00:44:18"]
[PlyCount "71"]
[WhiteFideId "16201604"]
[BlackFideId "16274431"]
[EventCountry "GER"]
[EventRounds "11"]
[EventType "swiss"]
[EventDate "2017.06.03"]

1. e4 e5 2. Nf3 Nc6 3. d4 exd4 4. Bc4 Nf6 5. e5 d5 6. Bb5 Ne4 7. Nxd4 Bd7 8.
Bxc6 Bxc6 9. Nxc6 bxc6 10. O-O Bc5 11. Nd2 Nxd2 12. Qxd2 O-O 13. Qc3 Qe7 14.
Bf4 Rab8 15. Rad1 Rb6 16. b3 Bb4 17. Qg3 Kh8 18. c3 Ba3 19. b4 Qe6 20. Rb1 c5
21. Be3 Rb5 22. Bxc5 Ra8 23. c4 Rb7 24. cxd5 Qxd5 25. Qxa3 Qxe5 26. Rfe1 Qf5
27. Qe3 h6 28. Qe4 Qh5 29. Qxb7 Rd8 30. Qxc7 Rd2 31. Qxa7 Qf5 32. Qa8+ Kh7 33.
Qe4 Kg6 34. Qxf5+ Kxf5 35. a4 g5 36. b5 1-0

[Event "DEM U10w 2017"]
[Site "Willingen GER"]
[Date "2017.06.05"]
[Round "3"]
[White "Sohr, Luna"]
[Black "Peglau, Dora"]
[Result "0-1"]
[Termination "normal"]
[Board "2"]
[WhiteElo "1199"]
[BlackElo "1159"]
[WhiteClock "00:16:23"]
[BlackClock "00:53:39"]
[PlyCount "100"]
[WhiteFideId "16251261"]
[BlackFideId "16220005"]
[EventCountry "GER"]
[EventRounds "11"]
[EventType "swiss"]
[EventDate "2017.06.03"]

1. e4 c5 2. Nf3 d6 3. g3 Nc6 4. Bg2 g6 5. O-O Bg7 6. d3 Nf6 7. h3 O-O 8. Nc3
Be6 9. Be3 Qb6 10. Rb1 Rfd8 11. Qd2 Ne8 12. Bh6 Bf6 13. b3 Qb4 14. Nd5 Qxd2 15.
Nxf6+ Nxf6 16. Bxd2 a5 17. Rfe1 Nd7 18. c3 b6 19. d4 cxd4 20. cxd4 d5 21. Ng5
Nxd4 22. exd5 Bf5 23. Rbc1 h6 24. Ne4 Ne5 25. Re3 Rac8 26. Rxc8 Rxc8 27. Bc3
Nc2 28. Bxe5 Nxe3 29. fxe3 Rc1+ 30. Kh2 Rc2 31. Nc3 f6 32. Bd4 e5 33. Bxb6 Rxc3
34. e4 Bd7 35. Bxa5 Rc2 36. a3 Bb5 37. Kg1 Rb2 38. a4 Bd7 39. b4 Ra2 40. b5
Rxa4 41. Bd8 f5 42. exf5 gxf5 43. b6 Rb4 44. d6 e4 45. h4 e3 46. b7 e2 47. Kh2
e1=Q 48. Ba5 f4 49. b8=Q+ Kf7 50. Qxb4 fxg3# 0-1

[Event "DEM U10w 2017"]
[Site "Willingen GER"]
[Date "2017.06.05"]
[Round "3"]
[White "von Beckh, Frieda"]
[Black "Fischer, Darja"]
[Result "0-1"]
[Termination "normal"]
[Board "3"]
[WhiteElo "1248"]
[BlackElo "1196"]
[WhiteClock "00:56:48"]
[BlackClock "01:10:07"]
[PlyCount "46"]
[WhiteFideId "16233751"]
[BlackFideId "16240898"]
[EventCountry "GER"]
[EventRounds "11"]
[EventType "swiss"]
[EventDate "2017.06.03"]

1. e4 d5 2. exd5 Nf6 3. d4 Bg4 4. f3 Bf5 5. c4 e6 6. dxe6 Nc6 7. exf7+ Kxf7 8.
d5 Ne5 9. Bf4 Ng6 10. Bg3 h5 11. h3 h4 12. Bf2 Qe7+ 13. Be2 Nf4 14. Kf1 Re8 15.
Nc3 Nd7 16. Qd4 Qg5 17. Rh2 Bc5 18. Qd2 Bxf2 19. Kxf2 Qg3+ 20. Kf1 Qxh2 21. Bd1
Bd3+ 22. Nce2 Qxg2+ 23. Ke1 Qxg1# 0-1

[Event "DEM U10w 2017"]
[Site "Willingen GER"]
[Date "2017.06.05"]
[Round "3"]
[White "Wilmink, Anna"]
[Black "Zhou, Lepu Coco"]
[Result "0-1"]
[Termination "normal"]
[Board "4"]
[WhiteElo "1140"]
[BlackElo "1592"]
[WhiteClock "00:44:52"]
[BlackClock "00:24:13"]
[PlyCount "70"]
[WhiteFideId "16273680"]
[BlackFideId "16217136"]
[EventCountry "GER"]
[EventRounds "11"]
[EventType "swiss"]
[EventDate "2017.06.03"]

1. e4 e5 2. Nf3 Nc6 3. Bc4 Nf6 4. O-O Be7 5. Ng5 O-O 6. d3 h6 7. Nf3 d6 8. Nc3
Be6 9. b3 Na5 10. d4 Nxc4 11. d5 Nb6 12. dxe6 fxe6 13. Be3 Qe8 14. a4 Qh5 15.
Nb5 c6 16. Nxd6 Rad8 17. Qe1 Bxd6 18. Qa5 Ng4 19. h3 Nxe3 20. fxe3 Nc8 21. Rad1
b6 22. Qc3 c5 23. g4 Qxh3 24. Nh2 Rxf1+ 25. Rxf1 Qg3+ 26. Kh1 Rf8 27. Qc4 Rxf1+
28. Qxf1 Qxe3 29. Qc4 Qe1+ 30. Kg2 Kf7 31. Qb5 Qxe4+ 32. Kh3 Ke7 33. Kg3 Qf4+
34. Kh3 e4 35. Qc6 Qxh2# 0-1

[Event "DEM U10w 2017"]
[Site "Willingen GER"]
[Date "2017.06.05"]
[Round "3"]
[White "Roncea, Andreea-Alexandra"]
[Black "Voigt, Anastasia"]
[Result "1-0"]
[Termination "normal"]
[Board "5"]
[WhiteElo "1361"]
[BlackElo "1181"]
[WhiteClock "00:54:52"]
[BlackClock "00:50:08"]
[PlyCount "67"]
[WhiteFideId "16233115"]
[BlackFideId "16235223"]
[EventCountry "GER"]
[EventRounds "11"]
[EventType "swiss"]
[EventDate "2017.06.03"]

1. e4 e5 2. Nf3 Nc6 3. Bc4 Bc5 4. d3 d6 5. c3 a6 6. Bb3 Nf6 7. O-O Bg4 8. Nbd2
O-O 9. h3 Bh5 10. Re1 Re8 11. Nf1 h6 12. Ng3 Bg6 13. Nh4 Bh7 14. Nhf5 Kf8 15.
Be3 Bxe3 16. Rxe3 Qd7 17. Rf3 Na7 18. Nxh6 gxh6 19. Rxf6 Bg6 20. Qf3 Qe7 21.
Rxg6 Qd7 22. Rxh6 Re7 23. Qf6 Qg4 24. hxg4 Ke8 25. Rh8+ Kd7 26. Rxa8 Nc8 27.
Qf5+ Kc6 28. Rxc8 b5 29. Bd5+ Kb6 30. b4 c5 31. Rb8+ Ka7 32. Qc8 cxb4 33. Rb7+
Rxb7 34. Qxb7# 1-0

[Event "DEM U10w 2017"]
[Site "Willingen GER"]
[Date "2017.06.05"]
[Round "3"]
[White "Peglau, Charis"]
[Black "Keymer, Cecilia"]
[Result "0-1"]
[Termination "normal"]
[Board "6"]
[WhiteElo "1193"]
[BlackElo "1311"]
[WhiteClock "00:53:47"]
[BlackClock "00:39:29"]
[PlyCount "140"]
[WhiteFideId "16219996"]
[BlackFideId "16233468"]
[EventCountry "GER"]
[EventRounds "11"]
[EventType "swiss"]
[EventDate "2017.06.03"]

1. e4 e5 2. Nf3 Nc6 3. Bc4 Bc5 4. b4 Bxb4 5. c3 Ba5 6. d4 d6 7. Qa4 exd4 8.
Nxd4 Bb6 9. Nxc6 bxc6 10. Bd5 Ne7 11. Bxc6+ Nxc6 12. Qxc6+ Bd7 13. Qd5 Be6 14.
Qd3 Qf6 15. O-O Qg6 16. Nd2 O-O 17. Nf3 d5 18. Re1 Rad8 19. Qe2 dxe4 20. Qxe4
Qxe4 21. Rxe4 Rd1+ 22. Re1 Rxe1+ 23. Nxe1 Rd8 24. Ba3 Rd2 25. Kh1 Rxf2 26. Nf3
Rxa2 27. Rd1 h6 28. Bc1 Ra1 29. Ne5 Be3 30. Nd3 Bf5 31. Ne5 Rxc1 32. Rxc1 Bxc1
33. Nc6 Kf8 34. Nxa7 c5 35. Kg1 Bd2 36. Nb5 Bd7 37. Nd6 Bxc3 38. Ne4 Bd4+ 39.
Kf1 Ke7 40. Ke2 Bc6 41. Kd3 f5 42. Ng3 Ke6 43. Ne2 Ke5 44. g3 Bb5+ 45. Kd2 Ke4
46. Kd1 Ba4+ 47. Ke1 c4 48. h3 c3 49. g4 f4 50. h4 f3 51. Nc1 f2+ 52. Kf1 Bb5+
53. Ne2 Bxe2+ 54. Kxe2 c2 55. Kd2 f1=Q 56. Kxc2 Qg2+ 57. Kb3 Qxg4 58. Kb4 Qxh4
59. Kc4 g5 60. Kb5 g4 61. Kc4 g3 62. Kb5 g2 63. Kc4 g1=Q 64. Kb5 Qgg4 65. Kc6
Qhh5 66. Kd6 Qgg6+ 67. Ke7 Qe5+ 68. Kd7 Qee6+ 69. Kc7 Qg7+ 70. Kd8 Bb6# 0-1

[Event "DEM U10w 2017"]
[Site "Willingen GER"]
[Date "2017.06.05"]
[Round "3"]
[White "Bräutigam, Katerina"]
[Black "Ramien, Hannah"]
[Result "1-0"]
[Termination "normal"]
[Board "7"]
[WhiteElo "1064"]
[BlackElo "1243"]
[PlyCount "111"]
[WhiteFideId "16242980"]
[BlackFideId "16209982"]
[EventCountry "GER"]
[EventRounds "11"]
[EventType "swiss"]
[EventDate "2017.06.03"]

1. c4 e6 2. Nc3 d5 3. cxd5 exd5 4. e3 c5 5. Nf3 Nf6 6. g3 Be7 7. Bg2 O-O 8. O-O
Nc6 9. b3 Bg4 10. Qc2 Qd7 11. Nh4 Rad8 12. d3 Bh3 13. Bb2 Bxg2 14. Kxg2 d4 15.
exd4 cxd4 16. Ne4 Nxe4 17. dxe4 Bxh4 18. gxh4 Qg4+ 19. Kh1 Qxh4 20. Rg1 Rfe8
21. f3 Re6 22. Qc5 Ne5 23. Bxd4 Rxd4 24. Qxd4 Qxh2+ 25. Kxh2 Nxf3+ 26. Kg2 Nxd4
27. Rac1 Nc6 28. Kf3 Nd4+ 29. Ke3 Nc6 30. Rgd1 Re7 31. Rxc6 g6 32. Rcd6 h5 33.
Kf4 Kg7 34. e5 Re8 35. Rd7 Rf8 36. e6 Kf6 37. Rxf7+ Rxf7 38. exf7 Kxf7 39. Kg5
Kg7 40. Rd7+ Kf8 41. Kxg6 h4 42. Rh7 h3 43. Rxh3 a6 44. Rh7 b6 45. a4 b5 46.
axb5 axb5 47. Rb7 b4 48. Ra7 Ke8 49. Kf6 Kd8 50. Ke6 Kc8 51. Kd6 Kb8 52. Rg7
Kc8 53. Rh7 Kb8 54. Kc6 Ka8 55. Kb6 Kb8 56. Rh8# 1-0

[Event "DEM U10w 2017"]
[Site "Willingen GER"]
[Date "2017.06.05"]
[Round "3"]
[White "Ottlik, Marie"]
[Black "Englert, Lin"]
[Result "1/2-1/2"]
[Termination "normal"]
[Board "9"]
[WhiteElo "1013"]
[BlackElo "1165"]
[PlyCount "42"]
[WhiteFideId "16281730"]
[BlackFideId "16226410"]
[EventCountry "GER"]
[EventRounds "11"]
[EventType "swiss"]
[EventDate "2017.06.03"]

1. e4 e5 2. Nf3 Nc6 3. Bc4 Bc5 4. c3 Qf6 5. d3 h6 6. Be3 d6 7. O-O Nge7 8. d4
Bb6 9. b4 Ng6 10. d5 Nce7 11. Bxb6 axb6 12. Nbd2 O-O 13. Qe2 Bg4 14. h3 Bd7 15.
Bb5 c6 16. Nc4 cxb5 17. Nxb6 Rad8 18. Nxd7 Rxd7 19. Qxb5 Rc7 20. c4 Rb8 21. c5
Rcc8 1/2-1/2

[Event "DEM U10w 2017"]
[Site "Willingen GER"]
[Date "2017.06.05"]
[Round "3"]
[White "Trunz, Michelle"]
[Black "Alhassan, Jodi"]
[Result "1-0"]
[Termination "normal"]
[Board "10"]
[WhiteElo "1340"]
[BlackElo "953"]
[PlyCount "101"]
[WhiteFideId "16227980"]
[BlackFideId "16250460"]
[EventCountry "GER"]
[EventRounds "11"]
[EventType "swiss"]
[EventDate "2017.06.03"]

1. e4 c5 2. Nc3 d6 3. f4 Nc6 4. Bb5 Bd7 5. Nf3 g6 6. d3 Bg7 7. O-O a6 8. Bxc6
Bxc6 9. Qe1 e6 10. Qg3 Ne7 11. Qh3 h6 12. Kh1 Qc7 13. a3 O-O-O 14. Bd2 Bxc3 15.
Bxc3 Rhg8 16. Qxh6 d5 17. Be5 Qb6 18. exd5 exd5 19. c4 d4 20. Rab1 a5 21. Qh3+
Bd7 22. Qh4 Rge8 23. Bf6 Qd6 24. Rfe1 Be6 25. f5 gxf5 26. Ng5 Kd7 27. Re2 Ng6
28. Qh7 Rh8 29. Bxh8 Rxh8 30. Nxf7 Bxf7 31. Qxf7+ Ne7 32. h3 Rb8 33. Rbe1 Re8
34. Qe6+ Qxe6 35. Rxe6 f4 36. Kg1 b6 37. a4 Kd8 38. Kf2 Kd7 39. Rxb6 Nc8 40.
Rb5 Rxe1 41. Kxe1 Kd6 42. b3 Na7 43. Rxa5 Nc6 44. Ra8 Ne5 45. Ke2 Kc7 46. Rf8
Ng6 47. Rf6 f3+ 48. Rxf3 Ne5 49. Rf5 Nd7 50. g4 Kd6 51. Rf1 1-0